Eksklusif zakat (Record no. 120947)

MARC details
000 -LEADER
fixed length control field 00650nam a2200241 i 4500
001 - CONTROL NUMBER
control field C2-0320249
003 - CONTROL NUMBER IDENTIFIER
control field PPAK
005 - DATE AND TIME OF LATEST TRANSACTION
control field 20180728115739.0
008 - FIXED-LENGTH DATA ELEMENTS--GENERAL INFORMATION
fixed length control field 121216s2012 my |||| ||||| | may d
020 ## - INTERNATIONAL STANDARD BOOK NUMBER
International Standard Book Number 9789830973647
040 ## - CATALOGING SOURCE
Original cataloging agency PPAK
Language of cataloging eng
Transcribing agency PPAK
Description conventions rda
082 04 - DEWEY DECIMAL CLASSIFICATION NUMBER
Classification number 297.54
Edition number 23
090 00 - LOCALLY ASSIGNED LC-TYPE CALL NUMBER (OCLC); LOCAL CALL NUMBER (RLIN)
Classification number (OCLC) (R) ; Classification number, CALL (RLIN) (NR) 297.54
Feature heading HAM
Feature heading G
100 0# - MAIN ENTRY--PERSONAL NAME
Personal name Hamizul Abdul Hamid,
Relator term author
245 10 - TITLE STATEMENT
Title Eksklusif zakat
264 #1 - PRODUCTION, PUBLICATION, DISTRIBUTION, MANUFACTURE, AND COPYRIGHT NOTICE
Place of production, publication, distribution, manufacture Petaling Jaya, Selangor :
Name of producer, publisher, distributor, manufacturer Galeri Ilmu ,
Date of production, publication, distribution, manufacture, or copyright notice 2012
300 ## - PHYSICAL DESCRIPTION
Extent xiii, 257 pages ;
Dimensions 23 cm
336 ## - CONTENT TYPE
Source rdacontent
Content type term text
337 ## - MEDIA TYPE
Source rdamedia
Media type term unmediated
338 ## - CARRIER TYPE
Source rdacarrier
Carrier type term volume
650 10 - SUBJECT ADDED ENTRY--TOPICAL TERM
Topical term or geographic name entry element Islam - Charities
942 ## - ADDED ENTRY ELEMENTS (KOHA)
-- dc
Koha item type Book
Holdings
Withdrawn Not for loan Current library Shelving location Date acquired Total Checkouts Total Renewals Full call number Barcode Date last seen Date last checked out Koha item type
    Perpustakaan Alor Setar Pinjaman Dewasa 26/12/2012 4 2 297.54 HAM A01397001 30/09/2024 29/04/2024 Book
    Perpustakaan Alor Setar Pinjaman Dewasa 26/12/2012 3   297.54 HAM A01397002 20/06/2024 09/06/2024 Book
    Perpustakaan Baling Pinjaman Dewasa 26/12/2012 1   297.54 HAM A01397007 14/03/2020 15/02/2020 Book
    Perpustakaan Bandar Baharu Pinjaman Dewasa 26/12/2012     297.54 HAM A01397010 09/05/2018   Book
    Perpustakaan Jitra Pinjaman Dewasa 26/12/2012     297.54 HAM A01397004 09/05/2018   Book
    Perpustakaan Kuala Nerang Pinjaman Dewasa 26/12/2012     297.54 HAM A01397011 09/05/2018   Book
    Perpustakaan Kulim Pinjaman Dewasa 26/12/2012 2   297.54 HAM A01397006 22/02/2020 01/02/2020 Book
    Perpustakaan Langkawi Pinjaman Dewasa 26/12/2012     297.54 HAM A01397005 09/05/2018   Book
    Perpustakaan Pendang Pinjaman Dewasa 26/12/2012     297.54 HAM A01397014 09/05/2018   Book
    Perpustakaan Sik Pinjaman Dewasa 26/12/2012 2 2 297.54 HAM A01397009 24/01/2022 30/12/2021 Book
    PD05, Kg. Lindungan Raja, Kulim Pinjaman Dewasa 26/12/2012     297.54 HAM A01397012 09/05/2018   Book